LEADER 01554nam a2200265 i 4500 001 000000355637 003 CaOOAMICUS 005 20231009151045.0 008 231009s1582 xx u000 u lat u 013 $a29070 040 $aSeMil$bita 245 10$aActa Ecclesiae Mediolanensi tribus partibus distincta quibus Concilia Provincialia ... continentur quae Carolus S.R.E. Card. Archiepiscopus egit .. 260 $aMilano :$bapud Pacificum Pontium,$c1582. 300 $a20,5 x 31,5 ;$ccc. 360 ;$crom. 500 $aEdizione in tutto uguale alla precedente (catalogo Valentini : 2), ma il frontespizio porta la data 1582. - Descrizione da : Incunaboli e Cinquecentine della Biblioteca del Seminario di Milano / catalogo a cura di Ubaldo Valentini, Milano 1981. - Numero di catalogo : 1. 650 4$aCinquecentine.$0(OLS)http://semarc/subject/1297 650 4$aMilano (Arcidiocesi) - Legislazione.$0(OLS)http://semarc/subject/917 650 4$aVescovi milanesi - Lettere pastorali.$0(OLS)http://semarc/subject/5574 650 4$aSinodi diocesani - Milano.$0(OLS)http://semarc/subject/8598 850 $aSeMil 852 $aSeMil$W1$xVenegono$y1$m[non assegnata]$j243777$B246887$CSeMilBibl$Z2$F246887 $82 961 $aSmarrito al 2002-08 996 $6245$aActa Ecclesiae Mediolanensi tribus partibus distincta quibus Concilia Provincialia ... continentur quae Carolus S.R.E. Card. Archiepiscopus egit ..$9(OLS)http://semarc/title/90151 996 $6260$aMilano :$bapud Pacificum Pontium$9(OLS)http://semarc/publisher/41848 LEADER 01055nam a2200217 4500 001 000000339771 003 CaOOAMICUS 005 20240207095521.0 008 200310s1875 it a 000 u ita r 040 $aSeMil$bita 100 11$aStoppani, Antonio,$c.$0(OLS)http://semarc/name/5672 245 03$aLa purezza del mare e dell'atmosfera fin dai primordi del mondo animato :$bconferenze /$cdi Antonio Stoppani. 264 1$aMilano [etc.] :$bUlrico Hoepli,$c1875. 300 $aXXIII, 461 p., [1] carta di tav.ripieg. $bill. ;$c23 cm 650 4$aMare - Purezza.$0(OLS)http://semarc/subject/49087 650 4$aMare - Biologia.$0(OLS)http://semarc/subject/46919 850 $aSeMil 852 $aSeMil$W1$xVenegono$y1$m3XA IV 15 FA$j219224$B230966$CSeMilBibl$Z2$F230966 $8I 996 $6245$aLa purezza del mare e dell'atmosfera fin dai primordi del mondo animato :$bconferenze$9(OLS)http://semarc/title/428709 996 $6264$aMilano [etc.] :$bUlrico Hoepli$9(OLS)http://semarc/publisher/55450 LEADER 01358nam a2200301 4500 001 000000363618 003 CaOOAMICUS 005 20250716161636.0 008 250716s2025 it a 000 u ita r 020 $a979-1-254-86500-2 040 $aSeMil$bita 100 1 $aFalcucci, Beatrice.$0(OLS)http://semarc/name/122434 245 12$aL'impero dei musei :$bstorie di collezioni coloniali italiane /$cBeatrice Falcucci. 264 1$aOspedaletto (Pisa) :$bPacini Editore,$c2025. 300 $a396 p. :$bill. ;$c21 cm 490 1 $aLe ragioni di Clio ;$v47 490 1 $aSaggistica 650 4$aColonialismo italiano - Reperti.$0(OLS)http://semarc/subject/58254 650 4$aMuseologia [e] museografia.$0(OLS)http://semarc/subject/52418 650 4$aItalia - Storia - Sec. 20.$0(OLS)http://semarc/subject/254 830 3$aLe ragioni di Clio ;$v47.$0(OLS)http://semarc/title/441436 830 0$aSaggistica.$0(OLS)http://semarc/title/419677 850 $aSeMil 852 $aSeMil$W1$xVenegono$y1$m3V II 442$j259828$B254472$CSeMilBibl$Z2$F254472 $81 996 $6020$a979-1-254-86500-2$9(OLS)http://semarc/number/303666 996 $6245$aL'impero dei musei :$bstorie di collezioni coloniali italiane$9(OLS)http://semarc/title/454880 996 $6264$aOspedaletto (Pisa) :$bPacini Editore$9(OLS)http://semarc/publisher/33038 LEADER 00735nam a2200181 i 4500 001 000000212478 003 CaOOAMICUS 005 20250225143224.0 008 120413s1966 it u000 u lat u 013 $a191313 040 $aSeMil$bita 245 10$aVolumen secundum ; Index in Caesarii Heisterbacensis Dialogum. 300 $a381, 47 p. 773 0 $tCaesarii Heisterbacensis monachi ordinis Cisterciensis Dialogus miraculorum.$dRidgewood, New Jersey : Gregg Press, 1966.$w()26597 850 $aSeMil 852 $aSeMil$W1$xVenegono$y1$m2D I 92$j254746$B162912$CSeMilBibl$Z2$F174040 $81 996 $6245$aVolumen secundum ; Index in Caesarii Heisterbacensis Dialogum$9(OLS)http://semarc/title/452627 LEADER 01190nas a2200217 i 4500 001 000000018795 003 CaOOAMICUS 005 20180830125444.0 008 180830s2005 it u0 ita u 040 $aSeMil$bita 245 10$aAnnali di storia pavese. Nuova serie :$bFonti e ricerche storiche. 260 $aMilano :$bUnicopli,$c2005. 300 $av. ;$c21 cm. 500 $a1 (2005)- . 650 4$aPavia - Storia locale.$0(OLS)http://semarc/subject/656 700 1 $aUniversitā degli Studi : Dipartimento di Scienze Storiche e Geografiche "Carlo Maria Cipolla".$0(OLS)http://semarc/name/4562 700 1 $aPavia : Assessorato alla Promozione delle attivitā culturali, Settore Beni e Attivitā Culturali.$0(OLS)http://semarc/name/8426 700 1 $aIstituto Pavese per la Storia della Resistenza e dell'Etā Contemporanea .$0(OLS)http://semarc/name/8425 780 00$tAnnali di storia pavese.$dPavia : Amministrazione Provinciale, 1979-2001.$x0392-5927$w()1844 996 $6245$aAnnali di storia pavese. Nuova serie :$bFonti e ricerche storiche$9(OLS)http://semarc/title/24731 996 $6260$aMilano :$bUnicopli$9(OLS)http://semarc/publisher/29904 LEADER 01011nam a2200253 i 4500 001 000000096717 003 CaOOAMICUS 005 20060529000000.0 008 060529s1996 it u000 u ita u 013 $a68959 020 $a88-424-9603-0 040 $aSeMil$bita 100 1 $aGiametta, Sossio,$d<1929- >.$0(OLS)http://semarc/name/3787 245 10$aCommento allo Zarathustra /$cSossio Giametta. 260 $aMilano :$bBruno Mondadori,$ccopyr. 1996. 300 $aXI, 338 p. ;$c22 cm. 500 $aContiene : Bibliografia. 650 4$aNietzsche, Friedrich <1844-1900> . Also sprach Zarathustra.$0(OLS)http://semarc/subject/13562 850 $aSeMil 852 $aSeMil$W1$xVenegono$y1$m169 3 6 *$j56206$B56206$CSeMilBibl$Z2$F64318 $81 961 $aAcquisto: Āncora (Libreria) 996 $6020$a88-424-9603-0$9(OLS)http://semarc/number/53736 996 $6245$aCommento allo Zarathustra$9(OLS)http://semarc/title/119539 996 $6260$aMilano :$bBruno Mondadori$9(OLS)http://semarc/publisher/31202 LEADER 00546nab a2200157 i 4500 001 000000312777 003 CaOOAMICUS 005 20200427100849.0 008 180831n xx uu u0 0und r 013 $a21869 040 $aSeMil$bita 100 1 $aGorla, Carlo Giovanni,$c.$0(OLS)http://semarc/name/11457 245 10$aIn vista di un avvenimento solenne e consolante. 773 0 $t[Gennaio-Giugno].$g290-299$w()274215 996 $6245$aIn vista di un avvenimento solenne e consolante$9(OLS)http://semarc/title/387145